Revista peruana de historia de la psicología (Registro nro. 21704)

Detalles MARC
000 -Cabecera
Campo de control interno 00722nam a2200229Ia 4500
005 - Fecha y hora del registro
control field 20260420112859.0
008 - Elementos de Longitud Fija
fixed length control field 260320s9999||||xx |||||||||||||| ||und||
022 ## - ISSN
ISSN 2414195X
041 ## - Idioma
Codigo Idioma ESP
082 ## - DEWEY y NOTACIÓN INTERNA
Dewey HR 150 ENE-DIC 2024
Notación Interna RPHP.3
110 ## - AUTOR INSTTITUCIONAL
Autor Institucional Sociedad Peruana de Historia de la Psicología
245 #0 - TÍTULO DE MATERIAL BIBLIOGRÁFICO
Título Revista peruana de historia de la psicología
260 ## - CIUDAD, EDITORIAL, AÑO
Nombre de la Editorial Sociedad Peruana de Historia de la Psicología
300 ## - DESCRIPCIÓN
N° Páginas 130 páginas :
Dimensiones 24 cm.
505 ## - TABLA DE CONTENIDO
Tabla de Contenido Vol. 10 (Enero-Diciembre , 2024)
650 ## - TEMAS
Temas Psicología
653 ## - DESCRIPTORES
Lenguajes no controlado Psicología - Revista
654 ## - PROGRAMAS
Programa Dpto. de Psicología
856 ## - URL - UBICACIÓN
URI/URL: Enlace exacto del recurso <a href="https://revistas.ucsp.edu.pe/">https://revistas.ucsp.edu.pe/</a>
Nota pública: Versión digital <a href="Véase además: Revistas académicas UCSP">Véase además: Revistas académicas UCSP</a>
942 ## - ELEMENTOS DE KOHA
Tipo de documento Revista
Nombre del creador Justo Noguera
Código de catalogador Margarita Torres
Esquema de clasificación Dewey Decimal Classification
Existencias
Codigo completo Registro Colección Copia número Disponibilidad Tipo de préstamo Biblioteca Actual Procedencia (Biblioteca) Ubicacón Fecha Ingreso Tipo de Adquisición Date last seen Total checkouts Price effective from Tipo de Item Estado del Material Fuente de Clasificación Damaged status Withdrawn status
HR 150 ENE-DIC 2024 RPHP.3 1085251 Universidad Católica San Pablo 1 Disponible Disponible Víctor Andrés Belaunde Víctor Andrés Belaunde Planta baja abierta 07/04/2026 Donación 07/04/2026   07/04/2026 Revista Bueno Dewey Decimal Classification